000 00805nab a2200193 i 4500
001 BPP
003 BPK
005 20180430112208.0
008 151110s1997 pl n f |000 0eng
040 _cBPK
041 _aeng
100 _aSUSZYŃSKI, Zbigniew.
_d1996 - .
_bPolitechnika Koszalińska - Wydział Elektroniki,
_cKatedra Elektroniki Ciała Stałego
245 _aQuality investigation of joint of bipolar transistor chip and lead frame by thermal wave method /
_cZbigniew Suszyński.
260 _c1997.
500 _aDane z bibliografii załącznikowej.
500 _asprawozdanie jednostki (Informator o publikowanych wynikach prac naukowo-badawczych w 2001 roku Wydziału Elektroniki).
773 _iW :
_tIEE Proc. Circuits Devices Syst. -
_g1997, Vol. 144, nr 2, s. 78-80
942 _cART
_2UKD
999 _c179
_d179